I comuni non capoluogo più popolosi d'Italia - Statistics

Statistiche generali
  • Questo quiz è stato fatto 131 volte
    127 dall'ultimo reset
  • Il punteggio medio è 12 su 20
Statistiche sulle risposte
Provincia Comune non capoluogo % Corretto
Napoli Giugliano
82%
Cagliari Quartu
70%
Varese Busto Arsizio
68%
Roma Fiumicino
67%
Milano Sesto San Giovanni
67%
Trapania Marsala
66%
Caltanissetta Gela
64%
Modena Carpi
63%
Bologna Imola
61%
Napoli Pozzuoli
61%
Napoli Torre del Greco
61%
Milano Cinisello
59%
Pesaro e Urbino Fano
58%
Roma Guidonia
57%
Lucca Viareggio
57%
Catanzaro Lamezia Terme
56%
Bari Altamura
54%
Latina Aprilia
52%
Napoli Casoria
48%
Napoli Castellammare di Stabia
46%
Nessun quiz corrispondente trovato
Distribuzione punteggi
Percentuale di utenti per punteggio
Percentile per numero di risposta
I tuoi punteggi nel tempo
Non hai fatto questo quiz dall'ultimo reset